Loading...
Science - Chemistry | 0 | 3 | 0 | 0 | 30 | 115 | 119.33 | 0 | 3 |
Fine Arts - Classical Music | 0 | 2 | 0 | 0 | 20 | 132 | 132.50 | 0 | 2 |
History - World History | 0 | 2 | 0 | 0 | 20 | 82 | 88.00 | 0 | 2 |
Literature - World Literature | 0 | 2 | 0 | 1 | 20 | 120 | 133.00 | 1 | 2 |
Science - Biology | 0 | 2 | 0 | 0 | 20 | 95 | 101.00 | 0 | 2 |
Social Science | 0 | 2 | 0 | 0 | 20 | 100 | 113.00 | 0 | 2 |
Science - Physics | 0 | 2 | 1 | 0 | 15 | 115 | 119.50 | 0 | 2 |
Science - Other Science | 0 | 2 | 1 | 0 | 15 | 126 | 134.50 | 0 | 2 |
Religion | 0 | 2 | 1 | 1 | 15 | 80 | 109.00 | 0 | 2 |
History - Other History | 0 | 1 | 0 | 0 | 10 | 127 | 127.00 | 0 | 1 |
Mythology | 0 | 1 | 0 | 0 | 10 | 132 | 132.00 | 0 | 1 |
Other Academic | 0 | 1 | 0 | 1 | 10 | 136 | 136.00 | 1 | 1 |
Fine Arts - Painting and Sculpture | 0 | 1 | 0 | 1 | 10 | 133 | 133.00 | 0 | 1 |
Fine Arts - Other Fine Arts | 0 | 1 | 0 | 1 | 10 | 132 | 132.00 | 0 | 1 |
History - American History | 0 | 0 | 0 | 0 | 0 | 0.00 | 0 | 0 | |
Literature - British Literature | 0 | 0 | 0 | 0 | 0 | 0.00 | 0 | 0 | |
Geography | 0 | 0 | 1 | 0 | -5 | 0.00 | 0 | 0 | |
Pop Culture | 0 | 0 | 1 | 0 | -5 | 0.00 | 0 | 0 |